000 00315nam a2200121Ia 4500
008 240731s9999 xx 000 0 und d
022 _a2325-6540
245 0 _aJournal of Hospitality & Tourism Education
260 _bRoutledge
856 _uhttps://www.tandfonline.com/loi/uhat20
942 _2ddc
942 _cTFEJ
999 _c77801
_d77801
945 _a1
_bMadushi Gamage
_c1
_dMadushi Gamage